1649 1951 1228 1762 1223 1423 1408 1400 1228 1390 1768 1012 1597 1241 1211 1897 1730 1713 1686 1179 1223 1728 1933 1604 1723 1046 1613 1195 1190 1260 1888 1262 1003 1576 1449 1598 1358 1304 1454 1451 1901 1666 1556 1724 1299 1147 1141 1805 1384 1835 1136 1506 1759 1785 1718 1389 1733 1132 1917 1034 1842 1402 1591 1128 1588 1809 1397 1218 1124 1369 1239 1461 1813 1260 1450 1946 1476 1275 1555 1041 1367 1866 1164 1921 1088 1131 1046 1299 1186 1590 1853 1929 1883 1395 1608 1580 1287 1740 1531 BCNSPRNW ULIB Ver.6.0+V

เปลี่ยนเป็นภาษาไทย

Change to English
 แสดงรายละเอียดบรรณานุกรม
  กลับหน้าหลัก

Brief Record : Get Marc (ISO 2709) : E-mail record : QR code < ปิดหน้าต่าง
LEADER : 00000nam 2200000uu 4500
001    13399127589
003     ULIB
008    210222s2562||||th 000 0 tha d
020    ^a9786164433182
060  0 ^aWH100^bธ661ค
100 0  ^aธีระ ฤชุตระกูล และ อาจรบ คูหาภินันทน์ (บรรณาธิการ)
245 00 ^aConsultative hematology 2/^cธีระ ฤชุตระกูล และ อาจรบ คูหาภินันทน์ (บรรณาธิการ)
250    ^aพิมพ์ครั้งที่ 1
260    ^aกรุงเทพฯ:^bสาขาวิชาโลหิตวิทยา ภาควิชาอายุรศาสตร์ คณะแพทยศาสตร์ศิริราชพยาบาล,^c2562
300    ^a287 หน้า
650  0 ^aโลหิตวิทยา
650  0 ^aเลือด
650  0 ^aเลือด- -การวินิจฉัย
856    ^a^zสารบัญ^uhttps://drive.google.com/file/d/1NmFqPh2xmH-Nw_VSVFyjSRKNd5A5vMvB/view?usp=sharing
945    ^p360^l0^i007652
945    ^p360^l0^i007653
945    ^p360^l0^i007654
999    ^aประนอม เกษจรัล
รายการนี้ยังไม่มีแท็ก
คุณยังไม่ได้ล็อกอิน คุณสามารถมีกิจกรรมร่วมกับเว็บไซต์ได้ แต่ต้องล็อกอินก่อน ::
  ล็อกอิน

รายการสื่อสารสนเทศ

ลำดับที่ ประเภท เลขเรียก/บาร์โค้ด สถานที่ สถานะ
1. วิทยาศาสตร์การแพทย์ และสุขภาพ
หนังสือสำรอง
สถานะ=หนังสือสำรอง
WH100 ธ661ค ฉ.1 
  Barcode: 007652
ห้องสมุดวิทยาเขตสวรรค์ประชารักษ์
►หนังสือทั่วไป
บนชั้น
2. วิทยาศาสตร์การแพทย์ และสุขภาพ
วิทยาศาสตร์การแพทย์ และสุขภาพ
WH100 ธ661ค ฉ.2 
  Barcode: 007653
ห้องสมุดวิทยาเขตสวรรค์ประชารักษ์
►หนังสือทั่วไป
บนชั้น
3. วิทยาศาสตร์การแพทย์ และสุขภาพ
วิทยาศาสตร์การแพทย์ และสุขภาพ
WH100 ธ661ค ฉ.3 
  Barcode: 007654
ห้องสมุดวิทยาเขตสวรรค์ประชารักษ์
►หนังสือทั่วไป
บนชั้น

รายการใกล้เคียง
    ผู้แต่ง [ธีระ ฤชุตระกูล และ อาจรบ คูหาภินันทน์ (บรรณาธิการ)]

    หัวเรื่อง [โลหิตวิทยา]
    หัวเรื่อง [เลือด]
    หัวเรื่อง [เลือด- -การวินิจฉัย]

BibComment


ยังไม่เคยถูกคอมเมนท์

คอมเมนท์ทรัพยากรรายการนี้
  คอมเมนท์: Consultative hem..


 Copyright 2026. Bcnsprnw @Library